Survey (Record no. 83096)

MARC details
000 -LEADER
fixed length control field 01131cab a22002175a 4500
001 - CONTROL NUMBER
control field L152794
008 - FIXED-LENGTH DATA ELEMENTS--GENERAL INFORMATION
fixed length control field 110428e20110404xxk 000 0 eng d
035 ## - SYSTEM CONTROL NUMBER
System control number (Sirsi) u152794
041 0# - LANGUAGE CODE
Language code of text/sound track or separate title eng
110 2# - MAIN ENTRY--CORPORATE NAME
Corporate name or jurisdiction name as entry element EuroProperty
9 (RLIN) 1216
245 00 - TITLE STATEMENT
Title Survey
Remainder of title Nordic countries
260 ## - PUBLICATION, DISTRIBUTION, ETC.
Date of publication, distribution, etc. 2011
490 #0 - SERIES STATEMENT
Series statement EuroProperty
Volume/sequential designation 4 April 2011, 17-21(5)
520 ## - SUMMARY, ETC.
Summary, etc. Prime asset stock in Sweden is in short supply and only a few investors are interested in the secondary and distressed products that are coming to the market. Stockholm's prime office rents are following an upward trend. Declining yields across all sectors are predicted. Residential property is emerging as Finland's hottest sector as investors are primed to jump into Finland's secondary real estate market and landlords are converting offices into flats. Denmark whose commercial market is overshadowed by Sweden and Finland's, could offer secondary and tertiary sector opportunities.
590 ## - LOCAL NOTE (RLIN)
Local note KA
651 #4 - SUBJECT ADDED ENTRY--GEOGRAPHIC NAME
Geographic name Denmark
651 #4 - SUBJECT ADDED ENTRY--GEOGRAPHIC NAME
Geographic name Finland
651 #4 - SUBJECT ADDED ENTRY--GEOGRAPHIC NAME
Geographic name Sweden
690 ## - LOCAL SUBJECT ADDED ENTRY--TOPICAL TERM (OCLC, RLIN)
Topical term or geographic name as entry element PROPERTY-COMMERCIAL PROPERTY-COMMERCIAL PROPERTY FINANCE AND INVESTMENT
942 ## - ADDED ENTRY ELEMENTS (KOHA)
Suppress in OPAC 0
Holdings
Withdrawn status Lost status Source of classification or shelving scheme Damaged status Not for loan Home library Current library Shelving location Date acquired Total Checkouts Full call number Barcode Date last seen Copy number Price effective from Koha item type
    Dewey Decimal Classification     London London Journal article 28/04/2011   L152794 152794-1001 06/08/2019 1 06/08/2019 Journal article